Países con las islas más grandes - Estadísticas

Estadísticas generales
  • Esta prueba ha sido intentada 548 veces
    545 desde el último reinicio
  • La puntuación promedio es 14 de 18
Estadísticas de respuestas
Superficie (km²) Isla País % Correcto
227.938 Honshu Japón
92%
587.041 Madagascar Madagascar
89%
2.130.800 Groenlandia Dinamarca
88%
785.753 Nueva Guinea Indonesia
88%
145.836 Isla Sur Nueva Zelanda
87%
209.331 Gran Bretaña Reino Unido
86%
507.451 Isla de Baffin Canadá
82%
Malasia
81%
Papúa Nueva Guinea
81%
72.493 Sajalín Rusia
79%
104.338 Cuba Cuba
78%
109.965 Luzón Filipinas
78%
84.421 Irlanda Irlanda
78%
República Dominicana
72%
65.268 Sri Lanka Sri Lanka
72%
73.929 Española Haití
71%
748.168 Borneo Brunéi
64%
101.826 Islandia Islandia
64%
No se encontraron pruebas coincidentes
Distribución de puntuación
Porcentaje de gente con cada puntuación
Porcentaje por número respondido
Historial de tus puntuaciones
No has intentado esta prueba desde el último reinicio